| 000 | 00717cab a2200217 4500 | ||
|---|---|---|---|
| 001 | WB3122-22 | ||
| 008 | 090401t1995 xxu||||| |||| 00| 0 eng d | ||
| 035 | _a(Sirsi) u68681 | ||
| 041 | _aeng | ||
| 245 | _aCouncil audit takes in regeneration | ||
| 260 | _c1995 | ||
| 350 | _a0 | ||
| 490 |
_aNew Builder _v(260) 2 June 1995, 5(1) |
||
| 520 | _aThe Audit Commission`s inquiry into the spending of local authorities` capital expenditure budget is to be extended to cover the allocation of funds from the single regeneration budget. | ||
| 650 | _aCAPITAL PROJECTS | ||
| 650 | _aSPENDING | ||
| 690 | _aPROPERTY-PROPERTY FINANCE AND INVESTMENT | ||
| 690 | _aURBAN RENEWAL | ||
| 942 | _n0 | ||
| 948 | _c04/03/1997 | ||
| 999 |
_c43093 _d43093 |
||